Экономика Колумбии; Научная инициатива иностранных студентов и аспирантов российских вузов

Библиографические подробности
Источник:Научная инициатива иностранных студентов и аспирантов российских вузов.— 2019.— [С. 229-235]
Главный автор: Перес Кардосо Хуан Фелипе
Автор-организация: Национальный исследовательский Томский политехнический университет Школа базовой инженерной подготовки Отделение русского языка
Другие авторы: Шипилова С. С. Светлана Сергеевна (научный руководитель)
Примечания:Заглавие с экрана
Язык:русский
Опубликовано: 2019
Серии:Актуальные проблемы социально-гуманитарных наук
Предметы:
Online-ссылка:http://earchive.tpu.ru/handle/11683/56582
Формат: MixedMaterials Электронный ресурс Статья
Запись в KOHA:https://koha.lib.tpu.ru/cgi-bin/koha/opac-detail.pl?biblionumber=630284

MARC

LEADER 00000naa2a2200000 4500
001 630284
005 20231101133613.0
035 |a (RuTPU)RU\TPU\conf\31250 
035 |a RU\TPU\conf\31237 
090 |a 630284 
100 |a 20191025d2019 k y0rusy50 ca 
101 0 |a rus 
102 |a RU 
105 |a y z 101zy 
135 |a drcn ---uucaa 
181 0 |a i  
182 0 |a b 
200 1 |a Экономика Колумбии  |f Перес Кардосо Хуан Фелипе  |g науч. рук. С. С. Шипилова 
203 |a Текст  |c электронный 
225 1 |a Актуальные проблемы социально-гуманитарных наук 
230 |a 1 компьютерный файл (pdf; 1 194 Kb) 
300 |a Заглавие с экрана 
320 |a [Библиогр.: с. 234-235 (10 назв.)] 
463 0 |0 (RuTPU)RU\TPU\conf\30816  |t Научная инициатива иностранных студентов и аспирантов российских вузов  |o сборник докладов IX Всероссийской научно-практической конференции, Томск, 24-26 апреля 2019 г.  |f Национальный исследовательский Томский политехнический университет (ТПУ)  |v [С. 229-235]  |d 2019 
610 1 |a электронный ресурс 
610 1 |a труды учёных ТПУ 
610 1 |a экономика 
610 1 |a Колумбия 
610 1 |a развивающиеся страны 
610 1 |a экономическое развитие 
610 1 |a рыночная экономика 
700 0 |a Перес Кардосо Хуан Фелипе 
702 1 |a Шипилова  |b С. С.  |c специалист в области организации высшего профессионального образования  |c старший преподаватель Томского политехнического университета, кандидат физико-математических наук  |f 1979-  |g Светлана Сергеевна  |2 stltpush  |4 727 
712 0 2 |a Национальный исследовательский Томский политехнический университет  |b Школа базовой инженерной подготовки  |b Отделение русского языка  |h 8030  |2 stltpush  |3 (RuTPU)RU\TPU\col\23517 
801 2 |a RU  |b 63413507  |c 20191028  |g RCR 
856 4 |u http://earchive.tpu.ru/handle/11683/56582 
942 |c BK